Tajemný hříšník. Zvrácený /
Ona je toxická, pro něj je však útěchou. On je smrtelný, ale pro ni znamená život. Další pokračování eroticky zabarvené milostné série.
Uloženo v:
| Série: | Tajemný hříšník,
část 2 |
|---|---|
| Hlavní autor: | |
| Další autoři: | |
| Médium: | E-kniha |
| Jazyk: | Czech |
| Vydáno: |
Praha :
XYZ,
2023
|
| Vydání: | První vydání |
| Témata: | |
| Příbuzné jednotky: | Z cyklu::
Tajemný hříšník |
| Tagy: |
Žádné tagy |
| LEADER | 02580nam a2200457 i 4500 | ||
|---|---|---|---|
| 001 | 311967 | ||
| 003 | CZ PrSKC | ||
| 005 | 20260601215715.0 | ||
| 007 | ta | ||
| 008 | 230607s2023 xr e 000 f cze | ||
| 015 | |a cnb003524188 | ||
| 020 | |a 9788076833401 |q (vázáno) : |c Kč 429,00 | ||
| 035 | |a (OCoLC)1389730349 | ||
| 040 | |a ABG001 |b cze |e rda | ||
| 041 | 1 | |a cze |h eng | |
| 072 | 7 | |a 821.111-3 |x Anglická próza, anglicky psaná |2 Konspekt | |
| 080 | |a 821.111-31 |2 MRF | ||
| 080 | |a (0:82-993) |2 MRF | ||
| 100 | 1 | |a Malpas, Jodi Ellen, |d 1980- |7 ola2014847328 |4 aut | |
| 240 | 1 | 0 | |a Enigma. |l Česky |
| 245 | 1 | 0 | |a Tajemný hříšník. |p Zvrácený / |c Jodi Ellen Malpasová ; z anglického originálu The enigma ... přeložila Alžběta Kalinová |
| 246 | 3 | 0 | |a Zvrácený |
| 250 | |a První vydání | ||
| 264 | 1 | |a Praha : |b XYZ, |c 2023 | |
| 300 | |a 538 stran ; |c 21 cm | ||
| 336 | |a text |b txt |2 rdacontent | ||
| 337 | |a bez média |b n |2 rdamedia | ||
| 338 | |a svazek |b nc |2 rdacarrier | ||
| 520 | 2 | |a Ona je toxická, pro něj je však útěchou. On je smrtelný, ale pro ni znamená život. Další pokračování eroticky zabarvené milostné série. |b Potom, co Beau nechala svého snoubence u oltáře a odešla od miamské policie, nemá její život žádný směr. Smrt její matky byla označena za nehodu. Beau tomu nevěří, ale nemá důkazy o opaku. Sžírá ji bezmoc a vztek. Dokud nepotká Jamese, muže, který se zdá být stejně rozervaný jako ona. A přestože působí chladně, probouzí v ní city. Potěšení. A touhu, které se nedá odolat. Beau však netuší, že James stojí před osudovým rozhodnutím: Buď se jí svěří se svým nejtemnějším tajemstvím, nebo ji bude muset zabít. Nakladatelská anotace. | |
| 655 | 7 | |a anglické romány |7 fd131814 |2 czenas | |
| 655 | 7 | |a erotické romány |7 fd132211 |2 czenas | |
| 655 | 9 | |a English fiction |2 eczenas | |
| 655 | 9 | |a erotic novels |2 eczenas | |
| 700 | 1 | |a Kalinová, Alžběta |7 xx0144933 |4 trl | |
| 787 | 0 | 8 | |i Z cyklu: |t Tajemný hříšník |g 2 |
| 900 | |a ABA001 |b 21 | ||
| 928 | 9 | |a Albatros Media - XYZ | |
| 044 | |a xr | ||
| 910 | |a RBIT002 | ||
| 998 | |d 378625 |a https://core.palmknihy.cz/api/books/378625/cover?si72rb |b https://core.palmknihy.cz/api/books/378625/cover/400?si72rb |c https://core.palmknihy.cz/api/books/378625/cover/50?si72rb |e 2027-11-18 |g 544 |i 9788076833401 |j https://core.palmknihy.cz/api/books/378625/preview.epub |k https://core.palmknihy.cz/api/books/378625/preview.pdf |l |q 49 |r 1 |s https://www.palmknihy.cz/kniha/378625 |t ebook |y 2023 |z 0 |v Tajemný hříšník |w 2 | ||
| 999 | |d 311965 | ||